Situación de niños, niñas y adolescentes sin cuidados parentales en la República Argentina : relevamiento nacional y propuestas para la promoción y el fortalecimiento del derecho a la convivencia familiar y comunitaria.
Guardado en:
| Formato: | Libro |
|---|---|
| Idioma: | Spanish |
| Publicado: |
Buenos Aires :
UNICEF,
2012
|
| Materias: | |
| Etiquetas: |
Agregar Etiqueta
Sin Etiquetas, Sea el primero en etiquetar este registro!
|
| LEADER | 00558nam a22001335a 4500 | ||
|---|---|---|---|
| 001 | DER.der012101 | ||
| 008 | 180615s2012####ag#||||||||||||||#||spa|| | ||
| 005 | 20260310150048.0 | ||
| 245 | 1 | 0 | |a Situación de niños, niñas y adolescentes sin cuidados parentales en la República Argentina : |b relevamiento nacional y propuestas para la promoción y el fortalecimiento del derecho a la convivencia familiar y comunitaria. |
| 260 | |a Buenos Aires : |b UNICEF, |c 2012 | ||
| 300 | |a 64 p. | ||
| 020 | |a 9789280646429 | ||
| 653 | |a MENORES | ||
| 859 | |a DERECHO |b BIB. DERECHO |h 341.481 |i UNI |p 006838 | ||
